[Event "Mitropa Cup 21st"]
[Site "Leipzig"]
[Date "2002.05.10"]
[Round "8.4"]
[White "Moor, Olivier"]
[Black "Jirka, Jiri"]
[Result "1-0"]
[WhiteElo "2346"]
[BlackElo "2398"]
[Annotator "Huebner,R"]
[PlyCount "73"]
[EventDate "2002.05.03"]
[EventType "team-tourn"]
[EventRounds "9"]
[EventCountry "GER"]
[Source "ChessBase"]
[SourceDate "2002.08.12"]
[WhiteTeam "Switzerland"]
[BlackTeam "Czech Republic"]
[WhiteTeamCountry "SUI"]
[BlackTeamCountry "CZE"]

1. d4 d5 2. c4 c6 3. Nf3 Nf6 4. Nc3 a6 5. c5 g6 6. Bf4 Nh5 7. Bd2 Bg7 8. h3 Nd7
9. e4 e5 10. dxe5 Nxe5 11. exd5 cxd5 12. Be2 Nc6 13. O-O O-O 14. Bg5 Nf6 15.
Qa4 h6 16. Bf4 Be6 17. Rad1 Re8 18. Rd2 b5 19. cxb6 Qxb6 20. Be3 Qb7 21. Bd3
Nd7 22. Nd4 Nce5 23. Nxe6 Rxe6 24. Be2 Nb6 25. Qb3 ({Nach} 25. Bxb6 Rxb6 26.
Nxd5 Rxb2 27. Rxb2 Qxb2 28. Bxa6 Qb8 {hat Weiß keine Gewinnaussichten.}) 25...
Nec4 $11 26. Bxc4 dxc4 27. Qb4 a5 28. Qb5 Qc6 29. Rfd1 Kh7 $2 (29... Qe8 {
führt zu einer etwa ausgeglichenen Stellung.}) 30. Rd8 $2 (30. Qxc6 Rxc6 31.
Rd6 Rxd6 32. Rxd6 {verschafft dem Weißen bedeutenden Vorteil.}) 30... Rxd8 31.
Rxd8 Bxc3 $4 {Richtig ist} (31... Qxb5 32. Nxb5 Bxb2 33. Rd6 Nc8 34. Rd7 Ne7
35. Rc7 Nd5 {mit guten Gewinnaussichten für Schwarz.}) 32. Qxc6 Rxc6 33. bxc3
Rc8 $2 {Dies ist nicht der aussichtsreichste Verteidigungsversuch.} (33... g5 {
sollte versucht werden.}) 34. Bxb6 Rxd8 35. Bxd8 g5 36. Bxa5 Kg6 37. Bb6 1-0

[Event "Mitropa Cup 21st"]
[Site "Leipzig"]
[Date "2002.05.10"]
[Round "8.1"]
[White "Pira, Davoud"]
[Black "Beliavsky, Alexander G"]
[Result "0-1"]
[WhiteElo "2434"]
[BlackElo "2660"]
[PlyCount "106"]
[EventDate "2002.05.03"]
[EventType "team-tourn"]
[EventRounds "9"]
[EventCountry "GER"]
[Source "ChessBase"]
[SourceDate "2002.08.12"]
[WhiteTeam "France"]
[BlackTeam "Slovenia"]
[WhiteTeamCountry "FRA"]
[BlackTeamCountry "SLO"]

1. d4 d5 2. Nf3 c6 3. c4 e6 4. e3 Nf6 5. Nbd2 Nbd7 6. b3 Ne4 7. Nxe4 dxe4 8.
Nd2 f5 9. Bb2 Qg5 10. h4 Qg6 11. Qc2 Nf6 12. O-O-O Ng4 13. Nb1 Bd6 14. Ba3
Bxa3+ 15. Nxa3 O-O 16. g3 e5 17. dxe5 Qe8 18. Qb2 Qe7 19. Rd2 Nxe5 20. Be2 a6
21. Nc2 b5 22. Qa3 Qxa3+ 23. Nxa3 Be6 24. Rhd1 Kf7 25. Kb2 Rfb8 26. cxb5 axb5
27. Nc2 c5 28. Rf1 b4 29. Kb1 Ke7 30. Rc1 Rc8 31. Ne1 g6 32. f4 Nd7 33. Bc4
Bxc4 34. Rxc4 Rc6 35. Rc1 Nf6 36. Nc2 Rca6 37. Ne1 Ra5 38. Rcd1 R8a7 39. Rc1
Ke6 40. Rcd1 R5a6 41. Ng2 Rc7 42. Ne1 Rcc6 43. Nc2 Rd6 44. Kc1 Nd5 45. h5 gxh5
46. Rh1 Nf6 47. Rhd1 Rxd2 48. Rxd2 Ra8 49. Kb2 Rg8 50. a4 Rxg3 51. Rd8 h4 52.
a5 h3 53. a6 Rg7 0-1

[Event "Mitropa Cup 21st"]
[Site "Leipzig"]
[Date "2002.05.10"]
[Round "8.2"]
[White "Pavasovic, Dusko"]
[Black "Touzane, Olivier"]
[Result "1-0"]
[WhiteElo "2567"]
[BlackElo "2352"]
[Annotator "Finkel,A"]
[PlyCount "81"]
[EventDate "2002.05.03"]
[EventType "team-tourn"]
[EventRounds "9"]
[EventCountry "GER"]
[Source "ChessBase"]
[SourceDate "2002.08.12"]
[WhiteTeam "Slovenia"]
[BlackTeam "France"]
[WhiteTeamCountry "SLO"]
[BlackTeamCountry "FRA"]

1. e4 g6 2. d4 Bg7 3. Nc3 d6 4. Be3 (4. f4 a6 5. Nf3 b5 6. Bd3 Bb7 (6... Nd7 7.
a4 $5 (7. e5 c5 8. exd6 (8. Be4 Rb8 9. Be3 b4 10. Ne2 Nh6 11. h3 O-O 12. c3 (
12. O-O Qc7 13. c3 bxc3 14. bxc3 Nb6 15. dxc5 dxc5 16. Ng3 $14) 12... Nb6 13.
Bf2 $6 bxc3 14. bxc3 Nc4 $15 {Forster,R-Bacrot,E/Bermuda 1999}) (8. e6 $5 fxe6
9. Ng5 Ndf6 $6 10. dxc5 dxc5 11. Nxh7 $1 $16 {[%csl Rd8]}) (8. Be3 c4 $6 (8...
b4 9. Ne4 Qc7 10. exd6 exd6 11. dxc5 Nxc5 12. Bxc5 dxc5 13. Bc4 $1 $40 {[%cal
Ge4d6] Rowson,J-Dunnington,A/England 2000}) 9. Be4 $14 Rb8 10. Ng5 $1 Nf8 11.
Qf3 Nh6 (11... h6 $6 12. Nh3 e6 13. Bc6+ Bd7 14. exd6 Bxc6 15. Qxc6+ Qd7 16.
Qxa6 $18) 12. O-O Nf5 13. Bf2 b4 14. Ne2 $16 {Nenashev,A-Siebrecht,S/
Heringsdorf 2000}) 8... exd6 9. Ne4 (9. O-O $5 Ne7 $132) 9... Qb6 10. dxc5 dxc5
11. a4 $2 (11. Be2 $5 Ngf6 12. Nd6+ Ke7 13. Nxc8+ Raxc8 14. O-O Rhe8 $13) 11...
Nh6 $1 12. axb5 O-O $17 {Schlosser,M-Chernin,A/Erevan olm 1996}) 7... b4 8. Ne2
c5 9. c3 $14) 7. O-O Nd7 8. e5 c5 9. exd6 $1 cxd4 10. Ne4 $36) 4... a6 5. f4 b5
6. Bd3 Bb7 7. Nf3 Nd7 8. e5 c5 9. Be4 (9. Ng5 cxd4 (9... Nf8 10. dxc5 dxe5 11.
Qe2 f6 12. O-O-O Qc8 13. Nh3 Nd7 14. fxe5 Nxe5 15. Nf4 $14 {Acs,P-Agrest,E/
Budapest 1997}) 10. e6 f5 $5 11. Bxf5 $5 Ndf6 12. Bxg6+ hxg6 13. Qd3 Nh6 14.
Qxg6+ Kf8 15. Bxd4 Qe8 $15 {San Segundo Carrillo,P-Hillarp Persson,T/Elista
1998}) 9... Qc8 (9... Bxe4 10. Nxe4 Nh6 11. dxc5 Ng4 12. Qe2 dxe5 13. O-O-O $1
Qc7 14. fxe5 Ngxe5 15. Bf4 Nd3+ 16. Rxd3 Qxf4+ 17. Kb1 $36 {Lalic,B-Polzin,R/
Dresden op 1998}) 10. Ng5 $5 {This move seems to be more dangerous for black
than 10.B:b7 tried by Grischuk.} (10. Bxb7 $5 Qxb7 11. dxc5 dxe5 12. Qd5 Qxd5
13. Nxd5 Rc8 14. Nb6 $1 Nxb6 15. cxb6 $16 {Grischuk,A-Bacrot,E/Dubai 2002})
10... Nb6 $6 {An only chance to get counterchances was} (10... b4 $5 11. Qf3 $5
(11. e6 $6 fxe6 12. Qd3 (12. Nxe6 bxc3 13. Nxg7+ Kf7 $19 {[%csl Rg7]}) 12...
Nf8 13. Bxb7 Qxb7 14. Nce4 h6 15. Nf3 c4 $19) 11... Bxe4 12. Ncxe4 cxd4 13.
Bxd4 Nh6 14. e6 $5 Bxd4 15. exd7+ Kxd7 16. O-O-O $36 {but I can understand
black who didn't want to enter this line!}) 11. dxc5 $1 dxc5 (11... Nc4 $5 12.
Bxb7 Qxb7 13. Qd5 $1 Qxd5 14. Nxd5 Rc8 (14... Nxe3 15. Nc7+ Kf8 (15... Kd7 16.
Nxa8 Nxc2+ 17. Kd2 Nxa1 18. Nxf7 $18) 16. Nxa8 Nxc2+ 17. Ke2 Nxa1 18. c6 $1 $18
) 15. cxd6 exd6 16. Bd4 dxe5 17. fxe5 $16) 12. Bxc5 $1 Qxc5 13. Bxb7 Rd8 14.
Qf3 $18 {[%cal Gf3c6] White is just a pawn up and the rest is just a matter of
technique.} b4 (14... Kf8 $5) 15. Qc6+ Qxc6 16. Bxc6+ Kf8 17. Na4 Nxa4 (17...
Nc4 18. Nc5 Nh6 19. Nxa6 $18) 18. Bxa4 {[%csl Rg7]} Bh6 19. h4 Bxg5 20. hxg5 e6
21. Rd1 Rxd1+ 22. Kxd1 Ne7 23. Ke2 Kg7 24. Bb3 $1 Ra8 (24... Rd8 25. Rd1 $18)
25. Rd1 Ra7 26. Rd6 Nf5 27. Rb6 a5 28. Bc4 h6 29. gxh6+ Kxh6 30. Ra6 Rxa6 31.
Bxa6 Kh5 32. Bd3 Ne7 33. Kf3 g5 34. Be4 Nc8 35. c4 bxc3 36. bxc3 Nb6 37. Bc6
Nc4 38. Bb5 Nd2+ 39. Ke2 gxf4 40. Kxd2 a4 41. a3 1-0

[Event "Mitropa Cup 21st"]
[Site "Leipzig"]
[Date "2002.05.10"]
[Round "8.4"]
[White "Grosar, Aljosa"]
[Black "Gozzoli, Yannick"]
[Result "1/2-1/2"]
[WhiteElo "2470"]
[BlackElo "2313"]
[PlyCount "100"]
[EventDate "2002.05.03"]
[EventType "team-tourn"]
[EventRounds "9"]
[EventCountry "GER"]
[Source "ChessBase"]
[SourceDate "2002.08.12"]
[WhiteTeam "Slovenia"]
[BlackTeam "France"]
[WhiteTeamCountry "SLO"]
[BlackTeamCountry "FRA"]

1. e4 Nf6 2. e5 Nd5 3. d4 d6 4. c4 Nb6 5. exd6 cxd6 6. Nc3 g6 7. Be3 Bg7 8. Rc1
O-O 9. b3 e5 10. dxe5 dxe5 11. c5 N6d7 12. Bc4 Nc6 13. Nf3 Qa5 14. O-O Nf6 15.
Ng5 Bf5 16. Nb5 Rad8 17. Nd6 Rd7 18. Qf3 h6 19. Ngxf7 Rfxf7 20. Nxf5 gxf5 21.
Qxf5 Nd5 22. Qg6 Qd8 23. Bxh6 Qf6 24. Qxf6 Rxf6 25. Be3 Nd4 26. Rfd1 Rg6 27. g3
Kf8 28. Kh1 Bf6 29. Bxd5 Rxd5 30. c6 bxc6 31. Rxc6 Rd7 32. Ra6 Ke7 33. f4 Rg8
34. fxe5 Bxe5 35. Ra4 Rgd8 36. Rf1 Ke6 37. Ra6+ Kd5 38. Ra5+ Ke4 39. Bf4 Bxf4
40. Rxf4+ Kd3 41. Kg2 Re8 42. h4 Re3 43. h5 Rg7 44. g4 Ne6 45. Rd5+ Ke2 46. Rc4
Ng5 47. h6 Rg6 48. Rc2+ Ke1 49. Rc1+ Ke2 50. Rc2+ Ke1 1/2-1/2

[Event "Mitropa Cup 21st"]
[Site "Leipzig"]
[Date "2002.05.10"]
[Round "8.1"]
[White "Lutz, Christopher"]
[Black "Markos, Jan"]
[Result "1-0"]
[WhiteElo "2644"]
[BlackElo "2467"]
[Annotator "Hecht"]
[PlyCount "120"]
[EventDate "2002.05.03"]
[EventType "team-tourn"]
[EventRounds "9"]
[EventCountry "GER"]
[Source "ChessBase"]
[SourceDate "2002.08.12"]
[WhiteTeam "Germany"]
[BlackTeam "Slovakia"]
[WhiteTeamCountry "GER"]
[BlackTeamCountry "SVK"]

1. e4 c5 2. Nf3 Nf6 3. e5 Nd5 4. Nc3 e6 5. Nxd5 exd5 6. d4 d6 7. Bb5+ Nc6 8.
O-O Be7 9. c4 a6 10. exd6 axb5 11. dxe7 Nxe7 12. cxb5 c4 13. a4 Bf5 14. Re1 O-O
15. Bd2 Ng6 16. Ra3 Re8 17. Rxe8+ Qxe8 18. Re3 Qd7 19. Ne5 Nxe5 20. Rxe5 f6 21.
Re3 Re8 22. h3 Re4 23. Rxe4 dxe4 24. Bf4 Be6 25. Qd2 g5 26. Bg3 Bd5 27. h4 h6
28. hxg5 hxg5 29. Qa5 Kg7 30. Qc7 Qxc7 31. Bxc7 {[#]  Die späteren weißen
Freibauern sind nur um eine Linie voneinander getrennt, doch spielen die
Verteidiger nicht zusammen. Man beachte: der weiße Läufer deckt den letzten
Gewinnbauern und blockt gleichzeitig den gegnerischen!} f5 32. a5 Kg6 33. a6
bxa6 34. bxa6 Kh5 35. a7 Kg4 36. Kf1 f4 37. Bd6 Ba8 38. Bc7 Bd5 39. Be5 Ba8 40.
Bd6 Bd5 41. Ke2 e3 42. fxe3 Bxg2 43. exf4 gxf4 44. Bb4 Bf3+ 45. Kd2 Bd5 46. Kc2
{[#]} Kf3 {Mein Verteidigungsvorschlag lautet: Rückmarsch des Königs nach d7
und  Aufgabe aller Bauern, um so eine Festung gegen drei weiße Freibauern zu
bilden.} (46... Kf5 47. Be1 Ke6 48. Kc3 Kd6 49. Kb4 f3 50. Kb5 Kd7 51. Bg3 Ke7
52. Kc5 Ke6 53. Bh4 Be4 54. Kxc4 Ba8 55. Bf2 Bb7 56. b4 Kd7 57. d5 Kd6 58. Bg3+
Kd7 59. Kc5 f2 60. Bxf2 {[#]} Ba8 61. b5 Bb7 62. Be1 Ba8 63. Bb4 Bb7 64. d6 Ba8
65. Kb6 Kc8 66. Ka6 Bb7+ 67. Ka5 Kd7 68. b6 Kc8 69. a8=Q+ Bxa8 70. Ka6 Bc6 71.
Ka7 Bd5 $11 {[#]}) 47. Bd2 Ke4 48. Kc3 f3 49. Be1 Ke3 $2 (49... Kf5 $1 {
letztmalige Möglichkeit zum Königsrückzug!}) 50. a8=Q $1 Bxa8 51. Kxc4 Ke4 52.
Kc5 Kf5 {Zu spät. Stillhalten nutzt jedoch nichts, weil der Läufer sich auf f2
postiert (Doppelfunktion!) und der b-Bauer mit Hilfe des Königs forciert wird.}
53. Kd6 $1 Bb7 54. b4 Ba6 55. Kc6 Bd3 56. b5 Be4+ 57. Kc7 Bd5 58. b6 Ke4 59.
Bf2 Kd3 60. b7 Ke2 1-0

[Event "Mitropa Cup 21st"]
[Site "Leipzig"]
[Date "2002.05.10"]
[Round "8.2"]
[White "Plachetka, Jan"]
[Black "Huebner, Robert"]
[Result "1/2-1/2"]
[WhiteElo "2441"]
[BlackElo "2628"]
[PlyCount "84"]
[EventDate "2002.05.03"]
[EventType "team-tourn"]
[EventRounds "9"]
[EventCountry "GER"]
[Source "ChessBase"]
[SourceDate "2002.08.12"]
[WhiteTeam "Slovakia"]
[BlackTeam "Germany"]
[WhiteTeamCountry "SVK"]
[BlackTeamCountry "GER"]

1. d4 Nf6 2. c4 e6 3. Nf3 b6 4. e3 Bb7 5. Bd3 d5 6. O-O Bd6 7. Nc3 O-O 8. Qe2
c5 9. Rd1 Nbd7 10. cxd5 exd5 11. Ba6 Qc8 12. Bxb7 Qxb7 13. b3 Rfe8 14. Bb2 Rac8
15. dxc5 bxc5 16. Qb5 Nb6 17. Rac1 a6 18. Qd3 Be7 19. Qf5 Red8 20. Ne2 Ne4 21.
Ng3 Nxg3 22. hxg3 Qc6 23. e4 Qe6 24. Qxe6 fxe6 25. exd5 exd5 26. Re1 Bf8 27.
Ne5 a5 28. Bc3 a4 29. Ba5 Rd6 30. Bxb6 Rxb6 31. Nd7 Rb7 32. Nxf8 Kxf8 33. Re5
axb3 34. axb3 Rxb3 35. Rxd5 c4 36. Rc2 Rc6 37. g4 Kf7 38. g3 c3 39. Rd3 Kf6 40.
Kg2 h6 41. Kf3 Rc4 42. Ke3 Rxg4 1/2-1/2

[Event "Mitropa Cup 21st"]
[Site "Leipzig"]
[Date "2002.05.10"]
[Round "8.3"]
[White "Graf, Alexander"]
[Black "Priehoda, Vitezslav"]
[Result "1-0"]
[WhiteElo "2623"]
[BlackElo "2425"]
[Annotator "Mueller,Karsten"]
[PlyCount "67"]
[EventDate "2002.05.03"]
[EventType "team-tourn"]
[EventRounds "9"]
[EventCountry "GER"]
[Source "ChessBase"]
[SourceDate "2002.08.12"]
[WhiteTeam "Germany"]
[BlackTeam "Slovakia"]
[WhiteTeamCountry "GER"]
[BlackTeamCountry "SVK"]

1. d4 e6 2. e4 d5 3. Nd2 Nf6 4. e5 Nfd7 5. Bd3 c5 6. c3 b6 7. f4 Ba6 8. Bb1
cxd4 ({Folgende Partie illustriert den weißen Plan mit g4:} 8... f5 9. Ndf3 Be7
10. Ne2 O-O 11. O-O Nc6 12. Kh1 Kh8 13. Rg1 Bxe2 14. Qxe2 cxd4 15. cxd4 Rc8 16.
Be3 Na5 17. g4 g6 18. Bd3 Nc4 19. Bf2 Rg8 20. Rg2 b5 21. Rag1 Qa5 22. b3 Na3
23. Bh4 Bxh4 24. Nxh4 Nb8 25. gxf5 gxf5 26. Nxf5 exf5 27. Bxf5 {1-0 Aleksieva,
S-Gunter,D/Lisbon POR 2001/The Week in Chess 355 (27)}) (8... Nc6 9. Ndf3 Qc7
10. Be3 Be7 11. Nh3 f6 12. f5 cxd4 13. cxd4 fxe5 14. fxe6 Nf6 15. dxe5 Ng4 (
15... Nxe5 $5 16. Qa4+ Qc6 17. Qxc6+ (17. Qxa6 $6 Nxf3+ 18. gxf3 Qxe6 19. Qa4+
Kf8 20. Qf4 Bc5) 17... Nxc6 $13) 16. Bf4 O-O-O 17. a3 h6 18. Bd3 Bxd3 19. Qxd3
g5 20. Bg3 Ncxe5 $2 21. Nxe5 Nxe5 22. Qe3 $2 (22. Qf5 $18) 22... Nc4 23. Bxc7
Nxe3 24. Bxd8 Kxd8 25. Ke2 $16 {1/2-1/2 Ruston,M-Le Blancq,S/Guernsey 1988/TD
88\02 (25)}) 9. cxd4 Nc6 10. Ndf3 Rc8 (10... Qc7 11. Ne2 Bxe2 12. Kxe2 Rc8 13.
Be3 Nb4 14. Qd2 Be7 15. a3 Nc6 (15... Nc2 $6 16. Rc1 (16. Bxc2 Qxc2 17. Rhc1
Qxd2+ 18. Bxd2 Kd8 $14) 16... Qc4+ 17. Kf2 Nxa1 18. Rxc4 dxc4 19. f5 $14) 16.
b4 a5 17. Rc1 axb4 18. axb4 Qb7 (18... Bxb4 $2 19. Qxb4 Nxb4 20. Rxc7 Rxc7 21.
Ra8+ $18) 19. Qa2 Bxb4 $13 20. Bd3 Ba5 21. Qa4 O-O 22. Rab1 Ndb8 23. Kf2 Qa7
24. Qd1 Ne7 $2 (24... f5 $142) 25. Bxh7+ $1 Kh8 (25... Kxh7 26. Ng5+ Kg6 (26...
Kg8 27. Qh5 Rfe8 28. Qxf7+ Kh8 29. Qh5+ Kg8 30. Qh7+ Kf8 31. Nxe6+ Kf7 32.
Qxg7+ Kxe6 33. Qf6+ Kd7 34. Qd6#) 27. Qg4 f5 28. exf6 Nf5 29. fxg7 Kxg7 30.
Nxe6+ $18) 26. Bd3 g6 27. g4 Kg7 28. f5 gxf5 29. gxf5 Nxf5 {1-0 Gelman,C-Carr,
M/Las Vegas 1997/EXP 58 (29)}) 11. Ne2 f5 $6 {die schwarze Stellung ist nun
aufgrund ihrer drohenden Passivität zumindest sehr schwierig zu spielen.} (
11... Bb4+ 12. Kf2 f6 {sollte genauer geprüft werden, z.B.} 13. f5 fxe5 14.
fxe6 Nf8 15. Bg5 Be7 16. Bxe7 Qxe7 17. dxe5 Nxe6) 12. Ng5 $5 {Weiß möchte h6
provozieren, damit ein späteres g2-g4 mehr Schwächen offenlegt.} ({Auch
Ivanchuks folgender Sieg ist recht instruktiv:} 12. O-O Be7 13. Rf2 O-O 14. h3
Bh4 15. Nxh4 Qxh4 16. Be3 Na5 17. b3 Nb8 18. Bc2 Nbc6 19. Qd2 Rc7 20. Bd1 Rfc8
21. a3 Ne7 22. Rf3 Ng6 23. Bf2 Qe7 24. Be1 Qf8 25. Qe3 Nc6 26. Bd2 Bb5 27. Nc3
Ba6 28. Rf2 Nge7 29. Na2 Bb5 30. a4 Ba6 31. Bc3 Bb7 32. b4 a5 33. b5 Nb4 34.
Bxb4 axb4 35. Nxb4 Rc3 36. Qd2 Ng6 37. Nd3 Ra3 38. Rc1 Rxc1 39. Nxc1 Qc8 40.
Bb3 Ra1 41. Rf1 Ra3 42. Qb2 Qf8 43. Nd3 h5 44. Rf3 h4 45. Kh2 Kh7 46. Nc5 {1-0
Ivanchuk,V-Moskalenko,V/Lvov 1988/CBM 07 (46).}) 12... Bb4+ 13. Kf2 Nf8 (13...
Bxe2 14. Kxe2 Nf8 15. Be3 Be7 16. Nf3 Na5 {kam in Betracht.}) 14. Be3 h6 $6 (
14... Be7 $5) 15. Nf3 Ng6 16. h4 h5 $6 {gibt dem weißen Springer das starke
Feld g5. Guter Rat war allerdings ohnehin teuer.} 17. Ng5 Nf8 18. Ng3 g6 19.
Qa4 Bb7 20. Rc1 Be7 21. Bd3 Rc7 22. Rc3 Bxg5 23. fxg5 Nd7 24. Rac1 Ndb8 25. b4
$5 a6 26. b5 axb5 27. Bxb5 O-O 28. Ne2 $1 {Alexander Graf verstärkt im
Folgenden lehrreich die Aufstellung seiner Figuren. Der Springer strebt auf
das ideale Bolockadefeld f4 und später bereitet er mit T1c2 Le3-c1-a3 vor, um
die passive schwarze Stellung maximal unter Druck zu setzen.} Qc8 29. Nf4 Kg7
30. R1c2 Rff7 (30... Qd7 31. Bc1 Re8 32. Ba3 $18) 31. Qa3 $1 Nd8 $2 (31... Rf8
$5 32. Qa7 $1 Nxa7 33. Rxc7+ Kg8 34. Rxc8 Rxc8 35. Rxc8+ Bxc8 36. Be8 $18) (
31... Rfe7 32. Bxc6 Nxc6 33. Rxc6 Bxc6 34. Rxc6 Kf7 35. Nxg6 Kxg6 36. Qxe7 $18)
32. Be8 Rxc3 (32... Rfe7 33. Qxe7+ Rxe7 34. Rxc8 Bxc8 35. Rxc8 Rxe8 36. Rxb8
$18) 33. Rxc3 Rc7 34. Nxg6 (34. Nxg6 Rxc3 35. Qf8+ Kh7 36. Qh8#) 1-0

[Event "Mitropa Cup 21st"]
[Site "Leipzig"]
[Date "2002.05.10"]
[Round "8.4"]
[White "Manik, Mikulas"]
[Black "Sprenger, Jan Michael"]
[Result "1-0"]
[WhiteElo "2410"]
[BlackElo "2468"]
[Annotator "Postny,E"]
[PlyCount "55"]
[EventDate "2002.05.03"]
[EventType "team-tourn"]
[EventRounds "9"]
[EventCountry "GER"]
[Source "ChessBase"]
[SourceDate "2002.08.12"]
[WhiteTeam "Slovakia"]
[BlackTeam "Germany"]
[WhiteTeamCountry "SVK"]
[BlackTeamCountry "GER"]

1. e4 c5 2. Nf3 Nc6 3. Bb5 g6 4. Bxc6 dxc6 5. d3 Bg7 6. h3 e5 ({Another main
line is} 6... Nf6) 7. Be3 Qe7 8. O-O {This move is rather unflexible and
appeares few times in practice. White should better develope his queenside,
keeping an option for a long castle in some cases. The main lines are 8.Nbd2
and 8.Qd2, for example see commented games: Seul,G-Van der Weide,K/Julian
Borowski-B 2000/CBM 77 [Gershon] and Sutovsky,E-Chandler,M/Hastings 2000/CBM
75 [Oratovsky].} Nf6 9. Qc1 $146 {The idea of this move is similar to 9.Qd2,
but white wants to keep an option for Nd2.} (9. Qd2 {- see the game Relange,
E-Cabrilo,G/Serbian ch 1998/CBM 65 [Rogozenko]}) (9. Nbd2 O-O 10. a4 a5 11. Nc4
Nd7 12. Bd2 b6 13. Bc3 Ba6 14. b3 Rab8 15. Qd2 Rfd8 16. Nh2 Nf8 17. f4 $14 {
1-0 Kazakov,P-Kosintseva,N/Kazan 2001/EXT 2002 (43)}) 9... Nh5 ({Comes into
consideration} 9... c4 $5) 10. Nc3 h6 $6 {The beginning of the aggressive plan,
which completely failed in this particular game...} ({After normal and solid} 
10... O-O {black has not much to worry about.}) 11. a3 g5 (11... Be6 12. b4 $1
cxb4 13. axb4 Qxb4 14. Na4 {White has the initiative.}) 12. b4 $1 cxb4 13. axb4
Qxb4 14. Na4 Nf4 {[%cal Gf4e2]} 15. Re1 Be6 $2 (15... Ne6 16. Nb6 Rb8 17. Nxc8
Rxc8 18. Rxa7 $16) ({The only attempt to justify black's plan was:} 15... g4
16. hxg4 Bxg4 {Now the interesting variations can arise, for instanse:} 17. Bc5
$6 (17. Bxf4 $142 exf4 18. c3 Qd6 19. Nh2) 17... Qa5 (17... Qb5 18. Nd4 $1 $36)
18. Qb2 Qc7 19. Nb6 Rb8 $1 $17 (19... Rd8 $2 20. Rxa7 Bxf3 21. Na8 $1 Qc8 (
21... Rxa8 22. Rxa8+ Kd7 23. Rxh8 Bxh8 24. gxf3) 22. Rxb7 Qg4 23. Nc7+ Kd7 24.
Nd5+ Ke8 25. Ne3 $18)) 16. Nc5 Bf8 (16... b6 17. Ra4 Qb5 (17... Qc3 18. Nxe6
Nxe6 19. Bxb6 $16) 18. c4 Qxc5 19. Bxc5 Nxd3 20. Qa3 Nxe1 21. Nxe1 bxc5 22.
Qxc5 $18) (16... g4 17. Nxe6 Nxe6 18. hxg4 $16) 17. c3 Qb5 18. c4 Qb4 19. Ra4 {
The queen is trapped.} Bxc5 (19... Nxd3 $2 20. Rxb4 Nxc1 21. Rxc1 b6 22. Nxe6
Bxb4 23. Nc7+ $18 {[%csl Ra8]}) 20. Rxb4 Bxb4 21. Bxf4 gxf4 22. Rd1 f6 {If
there was black's turn to move now, he could get very promising position after
c6-c5...} 23. d4 {Of course. Now black's position falls apart.} O-O-O 24. Qa1
exd4 (24... Bxc4 25. dxe5 Be2 26. Rxd8+ Rxd8 27. Qb2 Bxf3 28. gxf3 Bc5 29. exf6
Bd4 30. Qb3 $18 {[%csl Ge4,Gf6][%cal Gb3e6]}) 25. Nxd4 Bxc4 26. Rc1 c5 $2 {
This oversight puts an end to this game. Black's position is hopeless anyway.}
(26... Bd3 27. Qxa7 $18) 27. Rxc4 Rxd4 28. Qxd4 1-0

[Event "Mitropa Cup 21st"]
[Site "Leipzig"]
[Date "2002.05.11"]
[Round "9.1"]
[White "Balinov, Ilija"]
[Black "Lutz, Christopher"]
[Result "0-1"]
[WhiteElo "2460"]
[BlackElo "2644"]
[PlyCount "84"]
[EventDate "2002.05.03"]
[EventType "team-tourn"]
[EventRounds "9"]
[EventCountry "GER"]
[Source "ChessBase"]
[SourceDate "2002.08.12"]
[WhiteTeam "Austria"]
[BlackTeam "Germany"]
[WhiteTeamCountry "AUT"]
[BlackTeamCountry "GER"]

1. d4 Nf6 2. c4 e6 3. Nf3 b6 4. Nc3 Bb4 5. Qb3 c5 6. Bg5 Bb7 7. e3 O-O 8. Bd3
Nc6 9. a3 Na5 10. Qa2 Bxc3+ 11. bxc3 Rc8 12. O-O Ba6 13. e4 h6 14. Bh4 Qc7 15.
Rac1 Nxe4 16. Bxe4 Bxc4 17. Qb1 Bxf1 18. Bg3 d6 19. Rxf1 cxd4 20. cxd4 Nc4 21.
Qb4 a5 22. Qb3 b5 23. Qxb5 Nxa3 24. Qb3 Nc4 25. Bb1 Qc6 26. Re1 d5 27. Bf4 a4
28. Qd3 f5 29. h4 Rf7 30. Kh2 Rb7 31. Ba2 Rb2 32. Bxc4 dxc4 33. Qe3 Qe4 34.
Qxe4 fxe4 35. Rxe4 a3 36. Rxe6 Ra8 37. Re7 a2 38. Be5 Re2 39. d5 Rxe5 40. Nxe5
a1=Q 41. d6 Qd4 42. d7 Qxh4+ 0-1

[Event "Mitropa Cup 21st"]
[Site "Leipzig"]
[Date "2002.05.11"]
[Round "9.3"]
[White "Groetz, Harald"]
[Black "Doettling, Fabian"]
[Result "0-1"]
[WhiteElo "2353"]
[BlackElo "2540"]
[PlyCount "78"]
[EventDate "2002.05.03"]
[EventType "team-tourn"]
[EventRounds "9"]
[EventCountry "GER"]
[Source "ChessBase"]
[SourceDate "2002.08.12"]
[WhiteTeam "Austria"]
[BlackTeam "Germany"]
[WhiteTeamCountry "AUT"]
[BlackTeamCountry "GER"]

1. e4 c6 2. d4 d5 3. Nd2 dxe4 4. Nxe4 Bf5 5. Ng3 Bg6 6. h4 h6 7. Nf3 Nd7 8. h5
Bh7 9. Bd3 Bxd3 10. Qxd3 e6 11. Bf4 Bb4+ 12. c3 Be7 13. O-O-O Ngf6 14. Kb1 O-O
15. Ne4 Qa5 16. Nxf6+ Nxf6 17. Ne5 c5 18. Nc4 Qa6 19. dxc5 Bxc5 20. Nd6 Qc6 21.
Be5 Ng4 22. Qg3 Nxe5 23. Qxe5 Bxd6 24. Qxd6 Qxg2 25. f4 Rad8 26. Qe5 Rd5 27.
Qe3 Rfd8 28. Rdg1 Qd2 29. Qxa7 Qxf4 30. Ka1 Qf3 31. a3 Rb5 32. Rb1 Rd2 33. Rh4
Rd1 34. Rb4 Rxb4 35. axb4 Rd8 36. Rc1 b5 37. Qb6 Ra8+ 38. Kb1 Qxh5 39. Rf1 Qg6+
0-1